SPEELS TROUBLE (Record no. 5647)
[ view plain ]
| 000 -LEADER | |
|---|---|
| fixed length control field | 00315nam a22001457a 4500 |
| 020 ## - INTERNATIONAL STANDARD BOOK NUMBER | |
| ISBN | 1-84362-858-9 |
| 082 ## - DEWEY DECIMAL CLASSIFICATION NUMBER | |
| Classification number | 823 |
| Item number | BEA/S |
| 100 ## - MAIN ENTRY--AUTHOR NAME | |
| Personal name | BEAN, CLARICE |
| 245 ## - TITLE STATEMENT | |
| Title | SPEELS TROUBLE |
| Remainder of title | LAUREN CHILD |
| 260 ## - PUBLICATION, DISTRIBUTION, ETC. (IMPRINT) | |
| Name of publisher | ORCHARD BOOKS |
| 300 ## - PHYSICAL DESCRIPTION | |
| Number of Pages | 188 |
| 520 ## - SUMMARY, ETC. | |
| Summary, etc | ENGLISH NOVEL |
| 650 ## - SUBJECT ADDED ENTRY--TOPICAL TERM | |
| Topical Term | ENGLISH NOVEL |
| 942 ## - ADDED ENTRY ELEMENTS (KOHA) | |
| Koha item type | Books |
| Withdrawn status | Lost status | Collection code | Home library | Current library | Shelving location | Date acquired | Source of acquisition | Full call number | Accession Number | Koha item type |
|---|---|---|---|---|---|---|---|---|---|---|
| Fiction | Main Library | Main Library | SHELF 15-I-CHILDREN'S STORYBOOKS | 13/03/2014 | Purchase | 823 BEA/S | 07887 | Books |